000 00343nam a2200145Ia 4500
008 230917s9999||||xx |||||||||||||| ||und||
040 _e189449
_aMAIN
041 _aEnglish
082 _a658.4092 D865Y
100 _aDudley, Geoffrey R
245 0 _aYour personality
260 _aNew Delhi
_bCrest
_c1998
300 _a143 p.
942 _cBK
999 _c102592
_d102592